| 000 | 00405nam a22001697a 4500 | ||
|---|---|---|---|
| 003 | SGT | ||
| 020 | _a978-81-239-1726-9 | ||
| 082 |
_a615.802 _bA19A |
||
| 100 | _aAGRAWAL, ARJUN L. | ||
| 245 | _aADVANCED ACUPUNCTURE THERAPY | ||
| 250 | _a1ST | ||
| 260 |
_aNEW DELHI _bCBS PUBLICATION _c2119 |
||
| 300 | _a500 | ||
| 650 | _aACUPUNCTURE THERAPY | ||
| 653 | _aACUPUNCTURE , THERAPY | ||
| 942 |
_2ddc _cBK _032 |
||
| 999 |
_c22446 _d22446 |
||